000 00747na a2200241 4500
001 14844
003 MIRAKIL
005 20181213154915.0
008 161028b tu 000 0
020 _a9757798029
040 _aMilas
_btur
_cTR-AnCHP
041 _atur
082 _a923.2 Yücel.H.A.
_bİ52a
090 _a923.2 Yücel.H.A. I52a 1995
100 _aİnan, M. Rauf
245 _aAtatürk'ün destanlaşan Milli Eğitim Bakanı Hasan-Ali Yücel
_cM. Rauf İnan
260 _aAnkara
_bEğit-Der yayınları
_c1995
300 _a128 s.
_bfotg.
_c20 sm.
490 _aEğit-Der yayınları
_v3
600 _aYücel, Hasan-Ali
_d1897 - 1961
_xÇalışmalar
610 _aMilli Eğitim Bakanlığı
_xBakanlar
_yTarih
942 _2dcc
_cBKS
999 _c2967
_d2967